000 00694nam a2200241 a 4500
001 000018827
005 20200929165850.0
008 100519s1977 sp 000 p spa d
020 _z843223289
040 _aDO-SdBNP
_bspa
_cBNPHU
082 _aCh861.4
_bN454e
100 1 _aNeruda, Pablo,
_d1904-1973
_99164
245 1 0 _aEstravagario /
_cPablo Neruda.
260 _aBarcelona :
_bSeix Barral,
_c1977.
300 _a181 p. ;
_c20 cm.
490 1 _aBiblioteca breve
_v408
650 4 _aPoesía chilena
_99166
650 4 _aLiteratura chilena
_ySIGLO XX
_914677
650 4 _aLiteratura latinoaméricana
_94717
830 0 _aBiblioteca breve ;
_v408
_913442
910 _aWM
049 _aBNGR
999 _c18347
_d18347